000 00874cam a22001934a 4500
005 20250605164129.0
008 250528s ||||||||||||||||||||||||d
035 _a18556
020 _a906890934
040 _aGR-AtMCL
_bgre
_dGR-AtMCL
_eAACR2
245 1 _aThe Multi Media Melting Pot / Marketing When the Wind Blows
260 _bComedia Publishing Group,
_c1986
300 _a120
520 _aThis book consider the ways in which each new version exploited the resources of the different forms. Acknowledgements, Author's Note, Preface, Fiction for a Nuclear Age: The Briggs Phenomenon, Blowing in the Wind: The Original Cartoon Book, Nuclear Drama: The Stage and Radio Versions, The Animated Holocaust, Notes, Publications by Raymond Briggs, Interviews, Bibliography.
700 1 _aKilborn Richard
_94821
942 _cBK
999 _c3907
_d3907